| 000 | 00965nam a2200253 i 4500 | ||
|---|---|---|---|
| 001 | 114967 | ||
| 003 | ES-MaACL | ||
| 005 | 20250818063054.0 | ||
| 007 | t| | ||
| 008 | 070214s1930 sp ||||1| spa d | ||
| 080 | _a821.133.1-22"19" | ||
| 100 | 1 |
_aVerneuil, Louis, _d1893-1952 _9114177 |
|
| 245 | 1 | 3 |
_aEl amante de madame Vidal _b: comedia en tres actos / _cLuis Verneuil ; versión al castellano de Enrique Fernández Sadz ; dibujos de Merlo. |
| 260 |
_aMadrid : _bEstampa, _c1930. |
||
| 300 |
_a78 p. : _bil. ; _c17 cm. |
||
| 490 | 1 |
_aLa Farsa ; _v170 |
|
| 500 | _aEstrenada en el Teatro Avenida, de Madrid, por la Compañía Meliá-Cibrián, el 8 de septiembre de 1930. | ||
| 500 | _aCubierta de este número : Pepita Meliá en "El amante de M.me Vidal" | ||
| 700 | 1 |
_aMerlo, Antonio. _980579 |
|
| 700 | 1 |
_aFernando Sadz, Enrique. _950203 |
|
| 830 | 0 |
_aLa Farsa ; _v170 _9185863 |
|
| 852 |
_aES-MaACL _jC-13208 |
||
| 999 |
_c114967 _d114967 |
||